Új magyar-szlovák szótár

Uložené v:
Podrobná bibliografia
Médium: Kniha
Jazyk:Hungarian
Slovak
Vydavateľské údaje: Bratislava Wigand [s.a.]
Tagy: Pridať tag
Žiadne tagy, Buďte prvý, kto otaguje tento záznam!

MARC

LEADER 00000nam a2200000 4500
001 0307711
005 20250318132517.3
041 0 |a hun 
041 0 |a slo 
044 |a SK 
245 1 0 |a Új magyar-szlovák szótár  |c Gábor Orbán 
264 1 |a Bratislava  |b Wigand  |c [s.a.]